The effect of the implementation of ultrasound in enzyme separation

Enzymes are biological catalysts that generally are designed to do one job well, but to do one job only. Therefore, the enzymes that catalyze the hydrolysis of cellulose to sugar do not break down the sugars. Enzymatic hydrolysis processes have been under development for only 10 years. The important...

Teljes leírás

Elmentve itt :
Bibliográfiai részletek
Szerzők: Keçeci K.
Lemmer Balázs
Kertész Szabolcs
Keszthelyi-Szabó Gábor
László Zsuzsanna
Hodúr Cecília
Dokumentumtípus: Cikk
Megjelent: 2015
Sorozat:Review of faculty of engineering : analecta technica Szegedinensia 9 No. 2
Kulcsszavak:Enzimek - bioetanol, Enzim visszanyerése - ultraszűrés
Online Access:http://acta.bibl.u-szeged.hu/41913
LEADER 02020nab a2200253 i 4500
001 acta41913
005 20210126154226.0
008 170701s2015 hu o 0|| eng d
022 |a 2064-7964 
040 |a SZTE Egyetemi Kiadványok Repozitórium  |b hun 
041 |a eng 
100 1 |a Keçeci K. 
245 1 4 |a The effect of the implementation of ultrasound in enzyme separation  |h [elektronikus dokumentum] /  |c  Keçeci K. 
260 |c 2015 
300 |a 34-41 
490 0 |a Review of faculty of engineering : analecta technica Szegedinensia  |v 9 No. 2 
520 3 |a Enzymes are biological catalysts that generally are designed to do one job well, but to do one job only. Therefore, the enzymes that catalyze the hydrolysis of cellulose to sugar do not break down the sugars. Enzymatic hydrolysis processes have been under development for only 10 years. The important research issues include understanding the processes necessary to render the crystalline cellulose easily digestible, understanding and improving the basic mechanisms in the hydrolysis step, and developing better and less expensive enzymes. The other way to make a process less expensive may be the recycling of enzymes. The essential unit operation in the bioethanol production is the cellulose enzymatic degradation, so the question of recycling is very important. In our work the sonication assisted ultrafiltration was investigated as a potential method for enzyme recycling. The results showed the ultrasound effects the permeate flux since the resistance is reduced by the sonication. The sonicated enzyme keeps its activity so the recycling mechanism might be used for bioethanol production. 
695 |a Enzimek - bioetanol, Enzim visszanyerése - ultraszűrés 
700 0 1 |a Lemmer Balázs  |e aut 
700 0 1 |a Kertész Szabolcs  |e aut 
700 0 2 |a Keszthelyi-Szabó Gábor  |e aut 
700 0 2 |a László Zsuzsanna  |e aut 
700 0 2 |a Hodúr Cecília  |e aut 
856 4 0 |u http://acta.bibl.u-szeged.hu/41913/1/engineering_2015_002_034-041.pdf  |z Dokumentum-elérés